000 00550cam a2200169 i 4500
005 20260423104303.0
008 250721s1976 ti gr 000 0 ara d
082 1 4 _a416
_bم ح م
100 1 _aالعياشي، محمد
_eمؤلف.
245 1 0 _aنظرية إيقاع الشعر العربي /
_cمحمد العياشي.
264 3 1 _aتونس :
_bالمطبعة العصرية،
_c1976.
300 _a330 صفحة.
650 1 7 _aاللغة العربية.
650 1 7 _aعلم العروض.
942 _2ddc
_cBK
999 _c8825
_d8825